000 00251nam a2200109Ia 4500
008 190216s9999||||xx |||||||||||||| ||und||
100 _aUroob
245 0 _aMalayalam-Neela Velicham
260 _bTouring Book Stall
650 _aMalayalam
942 _cBK
999 _c25265
_d25265